1850 1339 1705 1122 1126 1962 1925 1263 1884 1126 1850 1581 1021 1749 1927 1853 1587 1741 1728 1658 1304 1294 1171 1862 1788 1076 1155 1445 1015 1752 1955 1719 1798 1834 1322 1379 1110 1855 1230 1336 1704 1655 1070 1035 1293 1028 1392 1790 1206 1715 1114 1155 1768 1507 1726 1015 1257 1289 1770 1413 1112 1311 1188 1695 1724 1924 1503 1063 1088 1269 1415 1245 1955 1999 1859 1789 1854 1476 1200 1438 1580 1762 1440 1354 1395 1344 1908 1482 1122 1588 1893 1953 1476 1789 1599 1599 1588 1263 1185 BCNSPRNW ULIB Ver.6.0+V

เปลี่ยนเป็นภาษาไทย

Change to English
 แสดงรายละเอียดบรรณานุกรม
  กลับหน้าหลัก

Brief Record : Get Marc (ISO 2709) : E-mail record : QR code < ปิดหน้าต่าง
LEADER : 00000nam 2200000uu 4500
001    13399110799
003     ULIB
008    110609s2550||||th 000 0 tha d
020    9789744140357
050  4 HD61^bอ954ร 2550
100 1  แอพการ์, เดวิด
245 10 รู้ทันความเสี่ยง =^bRisk intelligence /^cโดย David Apgar ;แปลและเรียบเรียงโดย วีรวุธ มาฆะศิรานนท์, ณัฐยา สินตระการผล
246 31 Risk intelligence
250    พิมพ์ครั้งที่ 1
260    กรุงเทพฯ :^bเอ็กซเปอร์เน็ท,^c2550
300    335 หน้า :^bภาพประกอบ ;^c24 ซม.
650  7 ความเสี่ยง
650  7 การบริหารความเสี่ยง
700 1  Apgar, David.^tRisk intelligence
700 0  วีรวุธ มาฆะศิรานนท์,^eผู้แปล
700 0  ณัฐยา สินตระการผล,^eผู้แปล
945    ^p310^l0^i18278
995    กัณชพร
999    ^aใช้งานได้ทุกระบบ
รายการนี้ยังไม่มีแท็ก
คุณยังไม่ได้ล็อกอิน คุณสามารถมีกิจกรรมร่วมกับเว็บไซต์ได้ แต่ต้องล็อกอินก่อน ::
  ล็อกอิน

รายการสื่อสารสนเทศ

ลำดับที่ ประเภท เลขเรียก/บาร์โค้ด สถานที่ สถานะ
- ไม่พบข้อมูล -

รายการใกล้เคียง
    ผู้แต่ง [แอพการ์, เดวิด]

    หัวเรื่อง [ความเสี่ยง]
    หัวเรื่อง [การบริหารความเสี่ยง]

BibComment


ยังไม่เคยถูกคอมเมนท์

คอมเมนท์ทรัพยากรรายการนี้
  คอมเมนท์: รู้ทันความเสี่ยง ..


 Copyright 2026. Bcnsprnw @Library